Study guide to Financial Accounting: A business Process Approach with Integrated Debits and Credits (Record no. 5649)

MARC details
005 - DATE AND TIME OF LATEST TRANSACTION
control field 20250627132103.0
020 ## - INTERNATIONAL STANDARD BOOK NUMBER
International Standard Book Number 0536726701
082 ## - DEWEY DECIMAL CLASSIFICATION NUMBER
Classification number 657 LYN
100 ## - MAIN ENTRY--PERSONAL NAME
Author name LYNCH, N.P.
245 ## - TITLE STATEMENT
Title Study guide to Financial Accounting: A business Process Approach with Integrated Debits and Credits
260 ## - PUBLICATION, DISTRIBUTION, ETC.
Place of publication, distribution, etc. London
Name of publisher, distributor, etc. Person Education,
Date of publication, distribution, etc. 2003
300 ## - PHYSICAL DESCRIPTION
Extent 221p.: tables
Dimensions 27cm.
700 ## - ADDED ENTRY--PERSONAL NAME
Other authors/Editors RUHE,N.C.
942 ## - ADDED ENTRY ELEMENTS (KOHA)
Source of classification or shelving scheme Dewey Decimal Classification
Koha item type Books
Holdings
Date last seen Total checkouts Full call number Barcode Cost, replacement price Price effective from Koha item type Lost status Source of classification or shelving scheme Damaged status Not for loan Withdrawn status Home library Current library Shelving location Date acquired Source of acquisition Cost, normal purchase price
06/27/2025   657 LYN DOM000296 150000.00 06/27/2025 Books   Dewey Decimal Classification       CBE Dodoma CBE Dodoma General Collection 01/07/2007 Library budget 50000.00
06/27/2025   657 LYN DOM000295 150000.00 06/27/2025 Books   Dewey Decimal Classification       CBE Dodoma CBE Dodoma General Collection 01/07/2007 Library budget 50000.00
06/28/2025   657 LYN DOM000281 150000.00 06/28/2025 Books   Dewey Decimal Classification       CBE Dodoma CBE Dodoma General Collection 01/07/2007   50000.00